000 00605nam a2200205Ia 4500
005 20250923145336.0
008 008 250917s9999 xx 000 0 eng d
037 _aTextual
040 _aDSWL
_beng
_cDSWL
041 _aeng
_2eng
084 _aT.2, N75
_qDSWL
100 _aNaik, J.P.
_9834275
245 0 _aEquality, Quality and Quantity (Ref. No. DULS/SV/1362, Dated 24th June 1982)
_c by J.P. Naik
260 _aBombay
_bAllied Publishers
_c1975
300 _a142p.
365 _aINR
_b13 . 50
925 _g13 . 50
942 _cTEXL
_hT.2, N75
999 _c1450223
_d1450223